|
|
|
|
| LEADER |
01050nab a2200301 i 4500 |
| 001 |
publ24500 |
| 005 |
20220607151529.0 |
| 008 |
220607s2022 hu o 0|| Angol d |
| 022 |
|
|
|a 2090-0597
|
| 024 |
7 |
|
|a 10.1155/2022/5108389
|2 doi
|
| 024 |
7 |
|
|a 32866640
|2 mtmt
|
| 040 |
|
|
|a SZTE Publicatio Repozitórium
|b hun
|
| 041 |
|
|
|a Angol
|
| 100 |
1 |
|
|a Achim Alexandru
|
| 245 |
1 |
0 |
|a Radial Artery Calcification in Predicting Coronary Calcification and Atherosclerosis Burden
|h [elektronikus dokumentum] /
|c Achim Alexandru
|
| 260 |
|
|
|c 2022
|
| 300 |
|
|
|a Terjedelem: 8-Azonosító: 5108389
|
| 490 |
0 |
|
|a CARDIOLOGY RESEARCH AND PRACTICE
|v 2022 No. 2
|
| 650 |
|
4 |
|a Klinikai orvostan
|
| 700 |
0 |
1 |
|a Kákonyi Kornél
|e aut
|
| 700 |
0 |
1 |
|a Nagy Ferenc Tamás
|e aut
|
| 700 |
0 |
1 |
|a Jambrik Zoltán
|e aut
|
| 700 |
0 |
1 |
|a Varga Albert
|e aut
|
| 700 |
0 |
1 |
|a Nemes Attila
|e aut
|
| 700 |
0 |
1 |
|a Chan Jeffrey Shi Kai
|e aut
|
| 700 |
0 |
1 |
|a Tóth Gábor G.
|e aut
|
| 700 |
0 |
1 |
|a Ruzsa Zoltán
|e aut
|
| 856 |
4 |
0 |
|u http://publicatio.bibl.u-szeged.hu/24500/1/Achim2022.pdf
|z Dokumentum-elérés
|